<?xml version="1.0" encoding="UTF-8"?>
<record
    xmlns:xsi="http://www.w3.org/2001/XMLSchema-instance"
    xsi:schemaLocation="http://www.loc.gov/MARC21/slim http://www.loc.gov/standards/marcxml/schema/MARC21slim.xsd"
    xmlns="http://www.loc.gov/MARC21/slim">

  <leader>01821nam a22002537a 4500</leader>
  <controlfield tag="003">GBCCL</controlfield>
  <controlfield tag="005">20260121133647.0</controlfield>
  <controlfield tag="008">260121b        |||||||| |||| 00| 0 eng d</controlfield>
  <datafield tag="020" ind1=" " ind2=" ">
    <subfield code="a"> 9780281086399</subfield>
  </datafield>
  <datafield tag="020" ind1=" " ind2=" ">
    <subfield code="a">9780281086382</subfield>
  </datafield>
  <datafield tag="040" ind1=" " ind2=" ">
    <subfield code="c">GBC</subfield>
  </datafield>
  <datafield tag="082" ind1=" " ind2=" ">
    <subfield code="a">262</subfield>
    <subfield code="b">MCG 1</subfield>
  </datafield>
  <datafield tag="100" ind1=" " ind2=" ">
    <subfield code="a">McGinley, John </subfield>
  </datafield>
  <datafield tag="245" ind1=" " ind2=" ">
    <subfield code="a"> The church of tomorrow : </subfield>
    <subfield code="b">being a Christ centred people in a changing world /</subfield>
    <subfield code="c">John McGinley</subfield>
  </datafield>
  <datafield tag="260" ind1=" " ind2=" ">
    <subfield code="a">London, </subfield>
    <subfield code="b">Society for Promoting Christian Knowledge, </subfield>
    <subfield code="c">2023</subfield>
  </datafield>
  <datafield tag="300" ind1=" " ind2=" ">
    <subfield code="a">xix, 162 pages</subfield>
  </datafield>
  <datafield tag="505" ind1=" " ind2=" ">
    <subfield code="a">"What if what we are witnessing is not the decline of the Church but it's rebirth? The rates of decline in church attendance and the ticking demographic timebomb show that business as usual will lead to extinction. But out of these ashes there are countless reasons to hope. Signs and stories emerging from worshipping communities the world over can give us renewed confidence that, as always, God is doing a 'new-old' thing. The Church that is emerging amid times of uncertainty is growing, alive and demonstrating the qualities of the early church recorded in the New Testament, one that is more diverse, more spirit-filled, more confident in the Gospel, calling, equipping and sending people to make disciples in all nations. Written for ordained and lay leaders at all levels, this book will help you navigate these changing times in light of the immovable knowledge that God is always on the move."--Publisher</subfield>
  </datafield>
  <datafield tag="505" ind1=" " ind2=" ">
    <subfield code="a">1. Jesus is Lord
2. Dependent upon the Holy Spirit
3. Confident in the gospel
4. A disciple-making community
5. Churches that plant churches
6. A diverse leadership
7. A holy people
8. Prioritizing prayer</subfield>
  </datafield>
  <datafield tag="650" ind1=" " ind2=" ">
    <subfield code="a">Christian Church</subfield>
  </datafield>
  <datafield tag="650" ind1=" " ind2=" ">
    <subfield code="a">Christian Life</subfield>
  </datafield>
  <datafield tag="650" ind1=" " ind2=" ">
    <subfield code="a">Church renewal</subfield>
  </datafield>
  <datafield tag="650" ind1=" " ind2=" ">
    <subfield code="a">Leadership</subfield>
  </datafield>
  <datafield tag="942" ind1=" " ind2=" ">
    <subfield code="2">ddc</subfield>
    <subfield code="c">BK</subfield>
    <subfield code="n">0</subfield>
  </datafield>
  <datafield tag="999" ind1=" " ind2=" ">
    <subfield code="c">11129</subfield>
    <subfield code="d">11129</subfield>
  </datafield>
  <datafield tag="952" ind1=" " ind2=" ">
    <subfield code="0">0</subfield>
    <subfield code="1">0</subfield>
    <subfield code="2">ddc</subfield>
    <subfield code="4">0</subfield>
    <subfield code="7">0</subfield>
    <subfield code="a">GBC</subfield>
    <subfield code="b">GBC</subfield>
    <subfield code="c">MNMS</subfield>
    <subfield code="d">2026-01-21</subfield>
    <subfield code="l">0</subfield>
    <subfield code="o">262 MCG</subfield>
    <subfield code="p">017414</subfield>
    <subfield code="r">2026-01-21 13:37:09</subfield>
    <subfield code="t">c.1</subfield>
    <subfield code="w">2026-01-21</subfield>
    <subfield code="y">BK</subfield>
  </datafield>
</record>
